书目信息 |
| 题名: |
鲁迅诗选
|
|
| 作者: | 鲁迅 著 ;詹纳尔 译 | |
| 分册: | ||
| 出版信息: | 北京 外文出版社 1982 |
|
| 页数: | 160页 | |
| 开本: | 21cm | |
| 丛书名: | ||
| 单 册: | ||
| 中图分类: | I210.5 , H319.5 | |
| 科图分类: | ||
| 主题词: | 鲁迅诗歌 | |
| 电子资源: | ||
| ISBN: | 0-8351-1002-8 | |
| 000 | 00711nam0 2200265 45 | |
| 001 | 0182004770 | |
| 005 | 20040513160339.6 | |
| 010 | @a0-8351-1002-8@dCNY1.65 | |
| 100 | @a19950509d1982 em y0chiy0121 ea | |
| 101 | 2 | @achi@aeng |
| 102 | @aCN@b110000 | |
| 105 | @ay z 000gy | |
| 106 | @ar | |
| 200 | 10 | @a鲁迅诗选@Alu xun shi xuan@e英汉对照@f鲁迅著@g(英)詹纳尔,W.J.F.译 |
| 205 | @b影印本 | |
| 210 | @a北京@c外文出版社@d1982 | |
| 215 | @a160页@d21cm | |
| 606 | @a鲁迅诗歌 | |
| 690 | @aI210.5@v3 | |
| 690 | @aH319.5 | |
| 701 | 0 | @a鲁迅@Alu xun@4著 |
| 702 | 1 | @a詹纳尔@Azhan na er@bW.J.F.@4译 |
| 801 | 0 | @aCN@b上海图书馆@c20040513 |
| 801 | 2 | @aCN@bNLC@c20040513 |
| 905 | @f5@b79060-064@dH319.5@e18 | |
| 鲁迅诗选:英汉对照/鲁迅著/(英)詹纳尔,W.J.F.译.-影印本.-北京:外文出版社,1982 |
| 160页;21cm |
| ISBN 0-8351-1002-8:CNY1.65 |
| ● |
| 相关链接 |
|
|
|
|
正题名:鲁迅诗选
索取号:H319.5/18
 
预约/预借
| 序号 | 登录号 | 条形码 | 馆藏地/架位号 | 状态 | 备注 |
| 1 | 0079060 | 001071182 | 密集书库/ [索取号:H319.5/18] | 在馆 | |
| 2 | 0079061 | 001071173 | 密集书库/ [索取号:H319.5/18] | 在馆 | |
| 3 | 0079062 | 001071226 | 密集书库/ [索取号:H319.5/18] | 在馆 | |
| 4 | 0079063 | 001071244 | 密集书库/ [索取号:H319.5/18] | 在馆 | |
| 5 | 0079064 | 001071235 | 密集书库/ [索取号:H319.5/18] | 在馆 | |
| 6 | 0079065 | 001071191 | 密集书库/ [索取号:H319.5/18] | 在馆 |